[Event "RUS-chT blitz"]
[Site "Sochi"]
[Date "2018.10.10"]
[Round "4.9"]
[White "Tereshechkina, Maya"]
[Black "Pervakov, Sergey"]
[Result "0-1"]
[WhiteElo "2018"]
[BlackElo "2098"]
[PlyCount "76"]
[EventDate "2018.10.10"]
[EventType "team-swiss (blitz)"]
[EventRounds "15"]
[EventCountry "RUS"]
[SourceTitle "CBM 186 Extra"]
[Source "ChessBase"]
[SourceDate "2018.08.24"]
[SourceVersion "1"]
[SourceVersionDate "2018.08.24"]
[SourceQuality "1"]
[WhiteTeam "Moscow MGU Lawyers"]
[BlackTeam "Krym Kimmeriya"]
[WhiteTeamCountry "RUS"]
[BlackTeamCountry "RUS"]

1. d4 d6 2. Nf3 Nf6 3. c4 g6 4. e3 Bg7 5. Be2 0-0 6. 0-0 c5 7. b3 cxd4 8. exd4 Nbd7 9. Bb2 e6 10. Nc3 a6 11. Qd2 b6 12. d5 e5 13. Ng5 h6 14. Nge4 Nxe4 15. Nxe4 Nc5 16. Nxc5 bxc5 17. b4 cxb4 18. Qxb4 Qc7 19. Ba3 Rd8 20. c5 dxc5 21. Qxc5 Qxc5 22. Bxc5 e4 23. Rad1 Bf5 24. Bc4 Rdc8 25. d6 Rxc5 26. Bd5 Rd8 27. h3 h5 28. Bb3 Be5 29. Rd2 Rxd6 30. Rxd6 Bxd6 31. Rd1 Be5 32. g3 Rc3 33. Rd8+ Kg7 34. Ra8 Bxh3 35. Ra7 Rc7 36. Rxa6 Bg4 37. Kg2 Bf3+ 38. Kh2 Rc1 0-1

[Event "RUS-chT2"]
[Site "Sochi"]
[Date "2017.05.10"]
[Round "9.7"]
[White "Tereshechkina, Maya"]
[Black "Matsenko, Andrei"]
[Result "1/2-1/2"]
[WhiteElo "2056"]
[BlackElo "2314"]
[PlyCount "51"]
[EventDate "2017.05.01"]
[EventType "team-swiss"]
[EventRounds "9"]
[EventCountry "RUS"]
[SourceTitle "CBM 178 Extra"]
[Source "ChessBase"]
[SourceDate "2017.06.22"]
[SourceVersion "1"]
[SourceVersionDate "2017.06.22"]
[SourceQuality "1"]
[WhiteTeam "Moscow State Univ Law"]
[BlackTeam "Cheliabinsk Yuzhnyy Ural"]
[WhiteTeamCountry "RUS"]
[BlackTeamCountry "RUS"]

1. d4 Nf6 2. Bf4 c5 3. e3 d5 4. c3 Nc6 5. Nf3 Qb6 6. Qb3 c4 7. Qc2 Bf5 8. Qc1 e6 9. h3 h6 10. Nbd2 Na5 11. Be2 Be7 12. Ne5 Nd7 13. Nxd7 Kxd7 14. Bd1 Bd6 15. Bxd6 Qxd6 16. Bc2 Ke7 17. 0-0 Rhe8 18. b4 Nc6 19. e4 Bxe4 20. Bxe4 dxe4 21. Nxc4 Qd5 22. Ne3 Qd6 23. Nc4 Qd5 24. Ne3 Qd6 25. Nc4 Qd5 26. Ne3 1/2-1/2

[Event "RUS-chT2"]
[Site "Sochi"]
[Date "2017.05.03"]
[Round "3.7"]
[White "Tenikashvili, Georgij"]
[Black "Tereshechkina, Maya"]
[Result "1-0"]
[WhiteElo "2305"]
[BlackElo "2056"]
[PlyCount "57"]
[EventDate "2017.05.01"]
[EventType "team-swiss"]
[EventRounds "9"]
[EventCountry "RUS"]
[SourceTitle "CBM 178 Extra"]
[Source "ChessBase"]
[SourceDate "2017.06.22"]
[SourceVersion "1"]
[SourceVersionDate "2017.06.22"]
[SourceQuality "1"]
[WhiteTeam "Vladikavkaz Highlanders"]
[BlackTeam "Moscow State Univ Law"]
[WhiteTeamCountry "RUS"]
[BlackTeamCountry "RUS"]

1. d4 e6 2. c4 d5 3. Nc3 Be7 4. Nf3 Nf6 5. cxd5 exd5 6. Bg5 h6 7. Bh4 0-0 8. e3 Bf5 9. Bxf6 Bxf6 10. Qb3 c5 11. Nxd5 Nc6 12. Nxf6+ Qxf6 13. dxc5 b6 14. cxb6 Rab8 15. Qc3 Qxc3+ 16. bxc3 Rxb6 17. Bc4 Na5 18. Bd5 Rc8 19. Rc1 Nc4 20. 0-0 Rc5 21. e4 Bg4 22. Nd4 Rg6 23. Kh1 Rf6 24. f3 Ne3 25. Rfe1 Nxd5 26. exd5 Bd7 27. c4 Rf4 28. Re4 Rf6 29. Nb3 1-0

[Event "Moscow-chT"]
[Site "Moscow"]
[Date "2016.10.20"]
[Round "2.4"]
[White "Tereshechkina, Maya"]
[Black "Spichkin, Alexander"]
[Result "0-1"]
[WhiteElo "2064"]
[BlackElo "2134"]
[PlyCount "119"]
[EventDate "2016.10.18"]
[EventType "team-swiss"]
[EventRounds "9"]
[EventCountry "RUS"]
[SourceTitle "CBM 175 Extra"]
[Source "ChessBase"]
[SourceDate "2016.12.12"]
[SourceVersion "1"]
[SourceVersionDate "2016.12.12"]
[SourceQuality "1"]
[WhiteTeam "MGU (W)"]
[BlackTeam "Moscow Yakimanka"]
[WhiteTeamCountry "RUS"]
[BlackTeamCountry "RUS"]

1. Nf3 g6 2. c4 Bg7 3. d4 d6 4. Nc3 e5 5. g3 exd4 6. Nxd4 Nc6 7. Nxc6 bxc6 8. Bg2 Ne7 9. Bg5 0-0 10. 0-0 Be6 11. Bxc6 Rb8 12. Bf3 Rxb2 13. Rc1 h6 14. Be3 Nf5 15. Bxa7 c5 16. Na4 Rxa2 17. Qb3 Rd2 18. e3 Qa5 19. Bb6 Qb4 20. Qxb4 cxb4 21. Ba5 Ra2 22. Bc6 Rc8 23. Bb5 Ra8 24. Bxb4 R8xa4 25. Bxa4 Rxa4 26. Bc3 Bxc4 27. Rfd1 Bxc3 28. Rxc3 d5 29. Kg2 Ra2 30. Rdc1 Rd2 31. g4 Nd6 32. R3c2 Rxc2 33. Rxc2 Kg7 34. f3 Kf6 35. Kg3 Ke5 36. h3 f5 37. Rb2 Bb5 38. Rb4 Bf1 39. Rb1 Bc4 40. Rb8 g5 41. gxf5 Nxf5+ 42. Kf2 d4 43. Re8+ Be6 44. exd4+ Nxd4 45. Rh8 Nf5 46. Re8 h5 47. Rh8 h4 48. Re8 Nd6 49. f4+ gxf4 50. Rh8 Nf5 51. Kf3 Bd5+ 52. Kg4 f3 53. Re8+ Kd4 54. Re1 f2 55. Rd1+ Ke4 56. Rc1 Bb3 57. Kg5 Bc2 58. Rf1 Kf3 59. Rc1 Bd3 60. Rd1 0-1

[Event "RUS-chT blitz"]
[Site "Sochi"]
[Date "2016.10.07"]
[Round "13.3"]
[White "Tereshechkina, Maya"]
[Black "Bocharov, Dmitry"]
[Result "0-1"]
[WhiteElo "2064"]
[BlackElo "2611"]
[PlyCount "84"]
[EventDate "2016.10.07"]
[EventType "team-swiss (blitz)"]
[EventRounds "15"]
[EventCountry "RUS"]
[SourceTitle "EXT 2017"]
[Source "ChessBase"]
[SourceDate "2016.10.25"]
[SourceVersion "1"]
[SourceVersionDate "2016.10.25"]
[SourceQuality "1"]
[WhiteTeam "Moscow State Univ Law"]
[BlackTeam "Dasmar Krasnoyarsk Region"]
[WhiteTeamCountry "RUS"]
[BlackTeamCountry "RUS"]

1. d4 Nf6 2. c4 e6 3. Nc3 Bb4 4. Qb3 c5 5. dxc5 Bxc5 6. Nf3 0-0 7. Bg5 a6 8. e3 Be7 9. Be2 d6 10. 0-0 Nbd7 11. Rfd1 Qc7 12. Rac1 b6 13. Nd4 Bb7 14. Bf3 Bxf3 15. Nxf3 Rac8 16. Ne4 Nxe4 17. Bxe7 Ndc5 18. Qc2 Qxe7 19. b4 Qc7 20. bxc5 Nxc5 21. Ng5 f5 22. Qe2 h6 23. Nf3 e5 24. Nd2 e4 25. Nb3 Nd3 26. Rxd3 exd3 27. Qxd3 Kh8 28. Nd4 Qf7 29. Qa3 Rxc4 30. Rd1 f4 31. e4 Qh5 32. Nf3 Qc5 33. Qxa6 Rc2 34. Rf1 Rc1 35. h3 Qc4 36. Qxc4 Rxc4 37. Rd1 Rxe4 38. Rxd6 Rf6 39. Rd8+ Kh7 40. Kh2 Re2 41. Nd4 Rxf2 42. Rd7 f3 0-1

[Event "RUS-chT2"]
[Site "Sochi"]
[Date "2016.05.09"]
[Round "8.10"]
[White "Tereshechkina, Maya"]
[Black "Murzin, Volodar"]
[Result "1-0"]
[WhiteElo "2065"]
[BlackElo "2170"]
[PlyCount "79"]
[EventDate "2016.05.01"]
[EventType "team-swiss"]
[EventRounds "9"]
[EventCountry "RUS"]
[SourceTitle "EXT 2018"]
[Source "ChessBase"]
[SourceDate "2017.10.13"]
[SourceVersion "1"]
[SourceVersionDate "2017.10.13"]
[SourceQuality "1"]
[WhiteTeam "Moscow Law Faculty"]
[BlackTeam "Nizhny Tagil Politekhnik"]
[WhiteTeamCountry "RUS"]
[BlackTeamCountry "RUS"]

1. d4 Nf6 2. Nf3 g6 3. Nbd2 d5 4. e3 Bg7 5. b4 a5 6. b5 0-0 7. Bd3 c5 8. bxc6 Nxc6 9. 0-0 Nb4 10. Bb5 Bf5 11. c3 Nc6 12. a4 Rc8 13. Qb3 Qc7 14. Bb2 Rfd8 15. Rfc1 e5 16. dxe5 Nxe5 17. Nxe5 Qxe5 18. c4 Qd6 19. cxd5 Ng4 20. h3 Qh2+ 21. Kf1 Ne5 22. e4 Bxe4 23. Nxe4 Qh1+ 24. Ke2 Qxg2 25. Qe3 Ng4 26. hxg4 Bxb2 27. Rg1 Qh2 28. Rad1 Rc2+ 29. Kf1 Qe5 30. g5 Kf8 31. d6 h6 32. d7 hxg5 33. Qxg5 Qc7 34. Nf6 Rxf2+ 35. Kxf2 Qb6+ 36. Qe3 Qxf6+ 37. Kg2 Be5 38. Rge1 Bf4 39. Qc5+ Kg7 40. Qd4 1-0

[Event "RUS-chT2"]
[Site "Sochi"]
[Date "2016.05.08"]
[Round "7.9"]
[White "Lushnikov, Sergej"]
[Black "Tereshechkina, Maya"]
[Result "1-0"]
[WhiteElo "1953"]
[BlackElo "2065"]
[PlyCount "63"]
[EventDate "2016.05.01"]
[EventType "team-swiss"]
[EventRounds "9"]
[EventCountry "RUS"]
[SourceTitle "EXT 2018"]
[Source "ChessBase"]
[SourceDate "2017.10.13"]
[SourceVersion "1"]
[SourceVersionDate "2017.10.13"]
[SourceQuality "1"]
[WhiteTeam "Satka Vertical"]
[BlackTeam "Moscow Law Faculty"]
[WhiteTeamCountry "RUS"]
[BlackTeamCountry "RUS"]

1. e4 e6 2. d4 d5 3. exd5 exd5 4. Nf3 Bd6 5. c4 dxc4 6. Bxc4 Ne7 7. Nc3 0-0 8. 0-0 Bg4 9. h3 Bh5 10. g4 Bg6 11. Ne5 Nbc6 12. f4 h5 13. f5 Bxe5 14. dxe5 Nxe5 15. Bd5 hxg4 16. fxg6 Nxd5 17. Qxd5 Nf3+ 18. Rxf3 gxf3 19. gxf7+ Rxf7 20. Qxd8+ Rxd8 21. Kf2 Rd4 22. Bg5 Rf5 23. Rg1 Rb4 24. b3 Rc5 25. Be7 Rxb3 26. Bxc5 Rxc3 27. Rxg7+ Kh8 28. Rxc7 Kg8 29. Rg7+ Kh8 30. Bd4 Rc2+ 31. Kxf3 Rxa2 32. Rg2+ 1-0

[Event "RUS-chT2"]
[Site "Sochi"]
[Date "2015.05.03"]
[Round "3.10"]
[White "Tereshechkina, Maya"]
[Black "Movldiev, Ibragim"]
[Result "1-0"]
[WhiteElo "2068"]
[BlackElo "2076"]
[PlyCount "105"]
[EventDate "2015.05.01"]
[EventType "team-swiss"]
[EventRounds "7"]
[EventCountry "RUS"]
[SourceTitle "CBM 166 Extra"]
[Source "ChessBase"]
[SourceDate "2015.06.18"]
[SourceVersion "1"]
[SourceVersionDate "2015.06.18"]
[SourceQuality "1"]
[WhiteTeam "Moscow Law Faculty"]
[BlackTeam "Chechen Republic"]
[WhiteTeamCountry "RUS"]
[BlackTeamCountry "RUS"]

1. Nf3 Nf6 2. c4 g6 3. b3 Bg7 4. Bb2 0-0 5. e3 c5 6. Be2 d6 7. 0-0 e5 8. d3 Re8 9. Nc3 Nbd7 10. a4 Nf8 11. Qc2 Ne6 12. Rfd1 Nd7 13. Nb5 Qe7 14. a5 f5 15. g3 g5 16. d4 cxd4 17. exd4 g4 18. Nh4 exd4 19. Nxf5 Qf6 20. Nxg7 Qxg7 21. Nxd6 Rf8 22. Nxc8 Raxc8 23. Qe4 Ng5 24. Bxd4 Nf6 25. Bxf6 Qxf6 26. Qxg4 h5 27. Qd4 Nh3+ 28. Kg2 Qxf2+ 29. Kxh3 Qxe2 30. Re1 Rcd8 31. Qg7+ Kxg7 32. Rxe2 Rf7 33. Rae1 Rd3 34. b4 Rb3 35. b5 Ra3 36. Re5 Rxa5 37. Rxh5 Ra2 38. Kg4 Rc7 39. Rg5+ Kh7 40. h4 Rxc4+ 41. Kh5 Rc7 42. Re6 Kh8 43. Rh6+ Rh7 44. Rd5 Rxh6+ 45. Kxh6 Kg8 46. Rd4 Kf7 47. Rd7+ Kf6 48. Rxb7 a5 49. bxa6 Rxa6 50. g4 Ra2 51. g5+ Kf5 52. Rb5+ Ke6 53. g6 1-0

[Event "RUS-chT U20 active"]
[Site "Kolomna"]
[Date "2014.08.11"]
[Round "7"]
[White "Tereshechkina, Maya"]
[Black "Ivanova, Karina"]
[Result "1-0"]
[WhiteElo "2106"]
[BlackElo "2066"]
[PlyCount "105"]
[EventDate "2014.08.11"]
[EventType "swiss"]
[EventRounds "9"]
[EventCountry "RUS"]
[SourceTitle "EXT 2016"]
[Source "ChessBase"]
[SourceDate "2015.10.08"]
[SourceVersion "1"]
[SourceVersionDate "2015.10.08"]
[SourceQuality "1"]

1. d4 Nf6 2. c4 e6 3. Nc3 Bb4 4. Qb3 c5 5. dxc5 Bxc5 6. Nf3 0-0 7. Bg5 b6 8. e3 Bb7 9. Be2 Be7 10. 0-0 Na6 11. Rfd1 d6 12. Qc2 Rc8 13. Nb5 Be4 14. Qd2 Bxf3 15. Bxf3 Rxc4 16. Be2 Rc5 17. Bxf6 Bxf6 18. Qxd6 Qxd6 19. Nxd6 Nc7 20. Ne4 Rc2 21. Nxf6+ gxf6 22. Rd7 Rxe2 23. Rxc7 Rxb2 24. Rxa7 Rd8 25. a4 Rdd2 26. Rf1 Ra2 27. g3 Rdb2 28. Kg2 Rb4 29. Rc1 Rbxa4 30. Rb7 Ra7 31. Rxb6 Rd2 32. Rb4 f5 33. g4 Raa2 34. Rf4 fxg4 35. Rc8+ Kg7 36. Rc7 h5 37. Rcxf7+ Kg8 38. R7f6 e5 39. R4f5 Kg7 40. Re6 h4 41. Rexe5 Kg6 42. Rg5+ Kf6 43. Ref5+ Ke6 44. Rf4 Ra3 45. Re4+ Kf6 46. Rgxg4 h3+ 47. Kg3 Raa2 48. Ref4+ Ke5 49. Rg5+ Ke6 50. Rh5 Ra1 51. Rxh3 Rg1+ 52. Kf3 Rf1 53. Kg2 1-0

[Event "RUS-chT U20"]
[Site "Kolomna"]
[Date "2014.08.08"]
[Round "7"]
[White "Morozova, Ulia"]
[Black "Tereshechkina, Maya"]
[Result "1-0"]
[WhiteElo "1946"]
[BlackElo "2106"]
[PlyCount "65"]
[EventDate "2014.08.02"]
[EventType "swiss"]
[EventRounds "9"]
[EventCountry "RUS"]
[SourceTitle "EXT 2016"]
[Source "ChessBase"]
[SourceDate "2015.10.08"]
[SourceVersion "1"]
[SourceVersionDate "2015.10.08"]
[SourceQuality "1"]

1. e4 c5 2. Nf3 Nc6 3. Bb5 g6 4. Bxc6 dxc6 5. d3 b6 6. Nbd2 Bg7 7. a4 a5 8. 0-0 e5 9. Nc4 f6 10. Be3 Nh6 11. h3 Nf7 12. b4 cxb4 13. Bxb6 Qe7 14. Bxa5 Be6 15. Nfd2 0-0 16. Qe2 Rfb8 17. Bb6 c5 18. a5 Bh6 19. Nb3 Rc8 20. Rfd1 Bf4 21. f3 Nd8 22. Qf2 Bxc4 23. dxc4 Ne6 24. Rd5 Rc6 25. Rad1 Nd4 26. Bxc5 Rxc5 27. Nxc5 Rc8 28. Nb3 Bg3 29. Qd2 Bf4 30. Qd3 Qa7 31. Kh1 Nxb3 32. Rd8+ Kg7 33. Rd7+ 1-0

[Event "RUS-chT U20"]
[Site "Kaliningrad"]
[Date "2013.08.09"]
[Round "8"]
[White "Tereshechkina, Maya"]
[Black "Paramzina, Anastasya"]
[Result "1/2-1/2"]
[WhiteElo "2117"]
[BlackElo "2064"]
[PlyCount "60"]
[EventDate "2013.08.02"]
[EventType "team-swiss"]
[EventRounds "9"]
[EventCountry "RUS"]
[SourceTitle "EXT 2018"]
[Source "ChessBase"]
[SourceDate "2017.10.13"]
[SourceVersion "1"]
[SourceVersionDate "2017.10.13"]
[SourceQuality "1"]

1. d4 d5 2. Nf3 Nf6 3. Bg5 Ne4 4. Bf4 c5 5. c3 Qb6 6. Qb3 c4 7. Qxb6 axb6 8. Nbd2 Nf6 9. e3 Bf5 10. Nh4 Bd7 11. Be2 h6 12. Nhf3 Nc6 13. Ne5 b5 14. Nxd7 Kxd7 15. 0-0 e6 16. a3 Be7 17. Nf3 Rhc8 18. Ne5+ Ke8 19. Nxc6 bxc6 20. Be5 Ra7 21. Rac1 g6 22. Bxf6 Bxf6 23. g3 h5 24. h4 Ke7 25. Kg2 Rh8 26. Rh1 Raa8 27. Rc2 Ra7 28. Rcc1 Raa8 29. Rc2 Ra7 30. Rcc1 Raa8 1/2-1/2

[Event "RUS-chT U20"]
[Site "Kaliningrad"]
[Date "2013.08.08"]
[Round "7"]
[White "Severina, Maria"]
[Black "Tereshechkina, Maya"]
[Result "1-0"]
[WhiteElo "2235"]
[BlackElo "2117"]
[PlyCount "97"]
[EventDate "2013.08.02"]
[EventType "team-swiss"]
[EventRounds "9"]
[EventCountry "RUS"]
[SourceTitle "EXT 2018"]
[Source "ChessBase"]
[SourceDate "2017.10.13"]
[SourceVersion "1"]
[SourceVersionDate "2017.10.13"]
[SourceQuality "1"]

1. d4 Nf6 2. c4 e6 3. Nc3 Bb4 4. Qc2 0-0 5. a3 Bxc3+ 6. Qxc3 d5 7. Bg5 c5 8. e3 cxd4 9. exd4 h6 10. Bxf6 Qxf6 11. c5 Nc6 12. Nf3 Re8 13. Bb5 Bd7 14. 0-0 a6 15. Bxc6 Bxc6 16. b4 a5 17. Qd3 Qf5 18. Qe2 Qe4 19. Qb2 Qd3 20. Ne5 Qb5 21. f4 Ra6 22. Rfb1 axb4 23. Qxb4 Qxb4 24. axb4 Ba4 25. Ra3 Rea8 26. Rba1 f6 27. Nf3 Kf7 28. Nd2 Bc2 29. Ra5 Ke7 30. R1a2 Bd3 31. Kf2 Kd7 32. Ke3 Bb5 33. Nb1 Rxa5 34. bxa5 Kc6 35. Nc3 Bc4 36. Ra1 e5 37. fxe5 fxe5 38. Rb1 Ra6 39. h4 e4 40. Rb6+ Rxb6 41. axb6 g5 42. hxg5 hxg5 43. Nd1 Bf1 44. Kf2 Bb5 45. Ne3 Ba6 46. Nf5 Kb5 47. Ne7 Kc4 48. Ke3 g4 49. g3 1-0

[Event "Wch U16 Girls"]
[Site "Maribor"]
[Date "2012.11.18"]
[Round "11.17"]
[White "Chetina, Elizaveta"]
[Black "Tereshechkina, Maya"]
[Result "0-1"]
[WhiteElo "1819"]
[BlackElo "2124"]
[PlyCount "130"]
[EventDate "2012.11.08"]
[EventType "swiss"]
[EventRounds "11"]
[EventCountry "SLO"]
[SourceTitle "EXT 2013"]
[Source "ChessBase"]
[SourceDate "2012.11.22"]
[SourceVersion "1"]
[SourceVersionDate "2012.11.22"]
[SourceQuality "1"]

1. e4 c5 2. Nf3 Nc6 3. d4 cxd4 4. Nxd4 e5 5. Nb5 d6 6. N1c3 a6 7. Na3 b5 8. Nd5 Nce7 9. c4 Nxd5 10. Qxd5 Be6 11. Qd1 Nf6 12. Bd3 bxc4 13. Nxc4 d5 14. exd5 Bb4+ 15. Bd2 Bxd2+ 16. Qxd2 Qxd5 17. 0-0 Rd8 18. Rfd1 Qxd3 19. Qxd3 Rxd3 20. Rxd3 Bxc4 21. Rc3 Be6 22. Re1 0-0 23. Rxe5 Nd5 24. Ra3 Rc8 25. h3 Rc6 26. Rd3 Rd6 27. f4 g6 28. g4 Kg7 29. Rd4 Kf6 30. g5+ Ke7 31. h4 Nc7 32. Rxd6 Kxd6 33. Ra5 Kc6 34. Kf2 Kb6 35. Ra4 Nd5 36. Kf3 Ne7 37. a3 Nf5 38. Kg4 Ne7+ 39. Kf3 Nc6 40. Ke3 Bd5 41. f5 gxf5 42. Rf4 Be6 43. h5 a5 44. Kd3 Ne7 45. Kd4 Nc6+ 46. Kd3 Kc5 47. Kc3 Kb5 48. Rf1 Kc5 49. Rf4 Kd5 50. Rf1 a4 51. Rd1+ Kc5 52. Re1 Ne7 53. Re5+ Nd5+ 54. Kd2 Kd6 55. Re1 f4 56. Re4 Bg4 57. h6 Bd7 58. Ke2 Bc6 59. Kd2 f3 60. Rg4 Ke5 61. g6 fxg6 62. Rxg6 f2 63. Rg5+ Kf6 64. Rg8 Nf4 65. Rf8+ Ke5 0-1

[Event "Wch U16 Girls"]
[Site "Maribor"]
[Date "2012.11.16"]
[Round "9.10"]
[White "Gaboyan, Susanna"]
[Black "Tereshechkina, Maya"]
[Result "1-0"]
[WhiteElo "1976"]
[BlackElo "2118"]
[PlyCount "77"]
[EventDate "2012.11.08"]
[EventType "swiss"]
[EventRounds "11"]
[EventCountry "SLO"]
[SourceTitle "EXT 2013"]
[Source "ChessBase"]
[SourceDate "2012.11.22"]
[SourceVersion "1"]
[SourceVersionDate "2012.11.22"]
[SourceQuality "1"]

1. Nf3 c5 2. g3 g6 3. Bg2 Bg7 4. 0-0 Nc6 5. c4 d6 6. Nc3 Bf5 7. e4 Bg4 8. h3 Bxf3 9. Qxf3 Nd4 10. Qd1 e6 11. d3 Ne7 12. e5 Bxe5 13. Bxb7 Rb8 14. Bg2 0-0 15. Rb1 f5 16. f4 Bf6 17. Be3 Qa5 18. Kh2 Nec6 19. Re1 Nb4 20. Bxd4 cxd4 21. Nb5 e5 22. a3 Na6 23. Nxa7 exf4 24. Nc6 fxg3+ 25. Kh1 Qc7 26. Nxb8 Nxb8 27. b4 f4 28. Qf3 Bh4 29. Qd5+ Kg7 30. Qxd4+ Kh6 31. c5 Nc6 32. Qe4 d5 33. Qxd5 f3 34. Bxf3 g2+ 35. Bxg2 Bxe1 36. Rxe1 Qg3 37. Qe4 Kg7 38. b5 Nd4 39. Qxd4+ 1-0

[Event "Wch U16 Girls"]
[Site "Maribor"]
[Date "2012.11.14"]
[Round "7.16"]
[White "Kalaydina, Regina Veronicka"]
[Black "Tereshechkina, Maya"]
[Result "1/2-1/2"]
[WhiteElo "1934"]
[BlackElo "2124"]
[PlyCount "99"]
[EventDate "2012.11.08"]
[EventType "swiss"]
[EventRounds "11"]
[EventCountry "SLO"]
[SourceTitle "EXT 2013"]
[Source "ChessBase"]
[SourceDate "2012.11.22"]
[SourceVersion "1"]
[SourceVersionDate "2012.11.22"]
[SourceQuality "1"]

1. d4 Nf6 2. c4 e6 3. Nf3 c5 4. d5 exd5 5. cxd5 b5 6. Nc3 b4 7. Nb1 Bb7 8. Bg5 h6 9. Bh4 g5 10. Bg3 Bxd5 11. Nbd2 Bg7 12. Qc2 Qe7 13. e3 0-0 14. Bc4 Bb7 15. Qf5 d5 16. Be2 Ne4 17. Nxe4 dxe4 18. Ne5 Nc6 19. Nc4 Rad8 20. Qh3 Ba6 21. Rb1 Bxc4 22. Bxc4 Ne5 23. Bxe5 Qxe5 24. Qg3 Rd6 25. Qxe5 Bxe5 26. Ke2 Rfd8 27. Rhd1 Rxd1 28. Rxd1 Rxd1 29. Kxd1 Bxb2 30. Bd5 Be5 31. h3 Kf8 32. Bxe4 c4 33. Kc2 a5 34. Bd5 c3 35. Bb3 Ke7 36. Kd3 f6 37. Ke4 Bc7 38. Kd5 h5 39. e4 Bb6 40. f3 Kd7 41. Ba4+ Kc7 42. Bb3 Be3 43. Ba4 Kb6 44. Kc4 Bf4 45. Kd5 Be5 46. Kc4 h4 47. Bb3 Kc6 48. Ba4+ Kd6 49. Bb3 Bh2 50. Kd4 1/2-1/2

[Event "Wch U16 Girls"]
[Site "Maribor"]
[Date "2012.11.12"]
[Round "6.15"]
[White "Tereshechkina, Maya"]
[Black "Tomin, Ksenija"]
[Result "1/2-1/2"]
[WhiteElo "2124"]
[BlackElo "1951"]
[PlyCount "86"]
[EventDate "2012.11.08"]
[EventType "swiss"]
[EventRounds "11"]
[EventCountry "SLO"]
[SourceTitle "EXT 2013"]
[Source "ChessBase"]
[SourceDate "2012.11.22"]
[SourceVersion "1"]
[SourceVersionDate "2012.11.22"]
[SourceQuality "1"]

1. d4 Nf6 2. c4 e6 3. Nc3 Bb4 4. Qb3 Bxc3+ 5. Qxc3 0-0 6. Nf3 b6 7. Bg5 Bb7 8. e3 d6 9. Be2 Nbd7 10. Qc2 Re8 11. 0-0 Nf8 12. Nd2 h6 13. Bh4 Ng6 14. Bg3 a5 15. Rfd1 Qe7 16. Bd3 Nf8 17. c5 bxc5 18. dxc5 Ba6 19. Nb3 Bxd3 20. Rxd3 e5 21. Bh4 a4 22. Nd2 N8d7 23. cxd6 cxd6 24. Ne4 g5 25. Nxd6 gxh4 26. Nxe8 Qxe8 27. Rad1 Kg7 28. Rd6 e4 29. Qc3 Rc8 30. Qd4 Ne5 31. b3 axb3 32. axb3 h3 33. Qb2 Qe7 34. gxh3 Kh7 35. Kf1 Ne8 36. R6d5 Nd3 37. Qd4 Qh4 38. Rxd3 Qxh3+ 39. Ke2 Qf3+ 40. Ke1 Rc1+ 41. Rd1 Qh1+ 42. Ke2 Qf3+ 43. Ke1 Qh1+ 1/2-1/2

[Event "Wch U16 Girls"]
[Site "Maribor"]
[Date "2012.11.11"]
[Round "4.6"]
[White "Tereshechkina, Maya"]
[Black "Rodriguez Rueda, Paula Andrea"]
[Result "1/2-1/2"]
[WhiteElo "2118"]
[BlackElo "2220"]
[PlyCount "107"]
[EventDate "2012.11.08"]
[EventType "swiss"]
[EventRounds "11"]
[EventCountry "SLO"]
[SourceTitle "EXT 2013"]
[Source "ChessBase"]
[SourceDate "2012.11.22"]
[SourceVersion "1"]
[SourceVersionDate "2012.11.22"]
[SourceQuality "1"]

1. d4 Nf6 2. c4 e6 3. Nc3 Bb4 4. Qb3 c5 5. Nf3 Nc6 6. dxc5 Qa5 7. Bd2 Qxc5 8. a3 Ba5 9. e3 0-0 10. Qc2 Bc7 11. b4 Qh5 12. Be2 d5 13. b5 Ne7 14. 0-0 dxc4 15. Bxc4 e5 16. e4 Bg4 17. Be2 Rac8 18. h3 Bd7 19. Qa4 Bb6 20. Qb4 Bc5 21. Qb2 Rfd8 22. Rad1 h6 23. Bc1 Ng6 24. Rxd7 Rxd7 25. Nd4 Bxd4 26. Bxh5 Nxh5 27. Qe2 Ng3 28. Qg4 Rdc7 29. Qxg3 Rxc3 30. Be3 Rxa3 31. Qg4 Rac3 32. Bxd4 exd4 33. e5 Nxe5 34. Qxd4 R3c5 35. f4 Nc4 36. f5 Rxb5 37. f6 g6 38. Re1 Nb6 39. Re7 Rd5 40. Qe3 Rd1+ 41. Kh2 Nd5 42. Qe2 Rdc1 43. Rxb7 R1c6 44. Qa2 Rd8 45. Qxa7 Rxf6 46. Rd7 Rxd7 47. Qxd7 Nf4 48. Qd4 Kg7 49. h4 g5 50. g3 Ne6 51. Qe5 Kg6 52. h5+ Kg7 53. Kh3 Nf8 54. Qd4 1/2-1/2

[Event "Wch U16 Girls"]
[Site "Maribor"]
[Date "2012.11.09"]
[Round "2.27"]
[White "Tereshechkina, Maya"]
[Black "Grgic, Neomi"]
[Result "1-0"]
[WhiteElo "2124"]
[BlackElo "1812"]
[PlyCount "87"]
[EventDate "2012.11.08"]
[EventType "swiss"]
[EventRounds "11"]
[EventCountry "SLO"]
[SourceTitle "EXT 2013"]
[Source "ChessBase"]
[SourceDate "2012.11.22"]
[SourceVersion "1"]
[SourceVersionDate "2012.11.22"]
[SourceQuality "1"]

1. d4 Nf6 2. c4 e6 3. Nc3 Bb4 4. Qb3 c5 5. Nf3 Nc6 6. dxc5 Bxc5 7. Bg5 Be7 8. e3 0-0 9. Bd3 b6 10. 0-0 Bb7 11. Rad1 h6 12. Bh4 Rc8 13. Bb1 g6 14. Qc2 Ng4 15. Bg3 Nb4 16. Qd2 Bxf3 17. gxf3 Nf6 18. a3 Na6 19. e4 Nh5 20. Qxd7 Nxg3 21. hxg3 Qc7 22. Nb5 Qxd7 23. Rxd7 Bf6 24. Rxa7 Nc5 25. b4 Nb3 26. Ba2 Nd2 27. Rc1 Nxf3+ 28. Kg2 Ng5 29. Re1 Ra8 30. Rxa8 Rxa8 31. f4 Nh7 32. Rd1 Be7 33. Bb1 Nf8 34. e5 Rc8 35. Nd6 Ra8 36. Rd3 f6 37. Ba2 fxe5 38. fxe5 Nd7 39. c5 Nxe5 40. Re3 Nc6 41. Bxe6+ Kg7 42. Bd5 Bxd6 43. cxd6 Rc8 44. d7 1-0

[Event "Moscow-ch (Women)"]
[Site "Moscow"]
[Date "2012.03.20"]
[Round "4"]
[White "Severina, Maria"]
[Black "Tereshechkina, Maya"]
[Result "1-0"]
[WhiteElo "2221"]
[BlackElo "2064"]
[PlyCount "85"]
[EventDate "2012.03.17"]
[EventType "swiss"]
[EventRounds "9"]
[EventCountry "RUS"]
[SourceTitle "CBM 147 Extra"]
[Source "ChessBase"]
[SourceDate "2012.04.24"]
[SourceVersion "1"]
[SourceVersionDate "2012.04.24"]
[SourceQuality "1"]

1. d4 c5 2. d5 e6 3. Nc3 Nf6 4. Nf3 exd5 5. Nxd5 Nxd5 6. Qxd5 Nc6 7. c3 d6 8. Ng5 Qf6 9. Nxh7 Rxh7 10. Qe4+ Be6 11. Qxh7 d5 12. Qc2 Bf5 13. Qa4 d4 14. Bd2 0-0-0 15. e3 g6 16. Bb5 Bd7 17. Qc2 a6 18. Be2 Qg5 19. exd4 Qxg2 20. 0-0-0 Bf5 21. Bd3 Bxd3 22. Qxd3 cxd4 23. cxd4 Bg7 24. Bc3 Bxd4 25. Bxd4 Nxd4 26. Qc3+ Nc6 27. Rxd8+ Kxd8 28. Rd1+ Kc8 29. Qh8+ Kc7 30. Qh4 Kc8 31. h3 g5 32. Qg4+ Qxg4 33. hxg4 Ne5 34. Rd4 Kc7 35. Kd1 Kc6 36. Ke2 Kc5 37. Re4 Kd5 38. f3 b5 39. b3 a5 40. Ke3 Kd6 41. a3 a4 42. bxa4 Nc4+ 43. Rxc4 1-0